Reclaiming Diversities in Secular India: Theological response to Religious Fundamentalism (Record no. 23193)

MARC details
000 -LEADER
fixed length control field 00430nam a22001337a 4500
020 ## - INTERNATIONAL STANDARD BOOK NUMBER
ISBN 9788193110714
082 ## - DEWEY DECIMAL CLASSIFICATION NUMBER
Classification number 320.55 LON
100 ## - MAIN ENTRY--AUTHOR NAME
Author name Aier, Sentiwate and Longkumer, Limatula
245 ## - TITLE STATEMENT
Title Reclaiming Diversities in Secular India: Theological response to Religious Fundamentalism
260 ## - PUBLICATION, DISTRIBUTION, ETC. (IMPRINT)
Place of publication Serampore, West Bengal
Name of publisher SATHRI, Senate of Serampore College
300 ## - PHYSICAL DESCRIPTION
Number of Pages 224
650 ## - SUBJECT ADDED ENTRY--TOPICAL TERM
Topical Term Religious Fundamentalism
942 ## - ADDED ENTRY ELEMENTS (KOHA)
Koha item type Books
Holdings
Collection code Home library Current library Shelving location Date acquired Cost, normal purchase price Full call number Accession Number Koha item type
Non-fiction Henry Martyn Institute Library Henry Martyn Institute Library General stacks 09/30/2021 400.00 320.55 LON 25843 Books
                   Copyright © 2026 | Henry Martyn Institute | Hyderabad | TS-500052 | INDIA | Implemented by hmi.edu.in
Hit-Count:

Powered by Koha